000 02193nam0a2200385 4500
001 RU\NLR\BIBL_A\022569954
005 20250711160649.0
010 _a978-5-09-124357-4
_9500
021 _aRU
_bКН-П-25-023295
_9КН-П-25-2338
035 _a(NLR Aleph) 022569954
090 _a13453450
_c13453450
100 _a20250619d2025 u y0rusy50 ca
101 0 _arus
102 _aRU
105 _aa j 000yy
181 0 _ai3
_baxxe
182 0 _an
200 1 _aПознавательное развитие. Ребёнок и окружающий мир
_ecредняя группа детского сада
_eметодические рекомендации к программе "Мир открытий"
_eконспекты современных форм организации детских видов деятельности
_fО. В. Бережкова, Л. Л. Тимофеева
_g[Институт системно-деятельностной педагогики]
203 _aТекст
_bвизуальный
_cнепосредственный
205 _a5-е изд., стер.
210 _aМосква
_cПросвещение
_d2025
215 _a205, [1] с.
_cтабл.
_d26
225 1 _aСоответствует ФОП ДО
225 1 _aСерия "Мир открытий"
225 1 _aФГОС ДО
320 _aБиблиогр.: с. 204-206 (37 назв.)
517 1 _aРебёнок и окружающий мир
606 1 _aДошкольники
_jМетодические пособия
_xОзнакомление с окружающей жизнью
_yСанкт-Петербург, город
_92521818
_3RU\NLR\AUTH\661494305
686 1 _aЧ411.387я8
700 1 _7ca
_8rus
_aБережнова
_bО. В.
_cканд. пед. наук, нач. и дошк. образование
_gОльга Викторовна
_9240229
_3RU\NLR\AUTH\770240285
701 1 _aТимофеева
_bЛ. Л.
_cканд. филол. наук, английский язык
_gЛилия Леонидовна
_9126853
_3RU\NLR\AUTH\770126873
942 _cBOOK
980 _aNB